| 000 | 01191nam a2200241 a 4500 | ||
|---|---|---|---|
| 001 | BRCA_9104 | ||
| 003 | FranzMayer | ||
| 005 | 20230728115531.0 | ||
| 008 | 051017s1776----sp-#######---#000-0#spa-# | ||
| 040 |
_aMFM _besp _cMFM |
||
| 041 | _aspa | ||
| 044 | _asp | ||
| 084 |
_aBE238 _b.C84 1776 |
||
| 100 | 1 |
_aCuesta, Leonardo Antonio de la _922048 |
|
| 245 | 1 | 0 |
_aEstado sagrado chronologico , genealógico, y universal del mundo _bdesde su creación, hasta los presentes siglos, en que se dará noticia Patriarcas, Profetas, Pontífices, Emperadores, Reyes, Escritores, y otras personas Ilustres, con los Concilios, Cismas, Anti-Papas, Heresiarcas, persecuciones de la Iglesia, y varios acaecimientos curiosos en que pueda divertirse todo genero de personas: tomo VIII _csu autor D. Leonardo Antonio de la Cuesta, residente de esta corte. |
| 260 |
_aMadrid _bEn la imprenta de D. Manuel Martin _c1776 |
||
| 300 |
_a375 p. (t.8) _c16 x 10.5 cm |
||
| 500 | _aCon las licencias necesarias | ||
| 500 | _aEstado físico: presenta encuadernación en pergamino con presencia del pez de plata | ||
| 650 | 1 | 4 |
_aReligión _xHistoria _yObras anteriores a 1800 _922476 |
| 902 | _aCFM | ||
| 942 |
_2lcc _cB |
||
| 999 |
_c8753 _d8753 |
||